| 000 | 00491 a2200193 4500 | ||
|---|---|---|---|
| 001 | 77106 | ||
| 010 | _a2005938056 | ||
| 020 | _a970324224726 | ||
| 082 | _a330 MAN | ||
| 090 |
_c39311 _d39311 |
||
| 100 | _aN Gregory Mankiw | ||
| 245 |
_aPrinciples of Economics 4th/Ed _cN Gregory Mankiw _henglish |
||
| 250 | _a4th | ||
| 260 |
_aAustralia _bThomson South Western _c2007 |
||
| 300 | _aXL 896 p | ||
| 500 | _aDOS BS Reference Books | ||
| 505 | _aGifted Books | ||
| 600 | _aEconomics | ||
| 942 |
_acaenust _k330 MAN _cBS |
||
| 999 |
_c312179 _d312179 |
||